Chess Players - Sudden Death - Statistics

General Stats
  • This quiz has been taken 103 times
  • The average score is 7 of 10
Answers on the Grid
Answers color-coded by a green-red scale on the quiz's grid according to % correct below.
Garry Kasparov
Magnus Carlsen
Hikaru Nakamura
Mikhail Tal
Bobby Fischer
Vladimir Kramnik
Alireza Firouzja
Rameshbabu Praggnanandhaa
Gukesh Dommaraju
Anatoly Karpov
Joseph Stalin
Boris Ivanov
Arjun Shahani
Rishi Mehra
Frederik Anderssen
Alexander Bryanovsky
John Lumon
Oliver Richardson
Philipp Wagner
José Pedro Gonzalez
 
Answer Stats
Answer % Correct
Magnus Carlsen
88%
Bobby Fischer
84%
Garry Kasparov
82%
Hikaru Nakamura
71%
Anatoly Karpov
69%
Vladimir Kramnik
67%
Alireza Firouzja
65%
Mikhail Tal
63%
Rameshbabu Praggnanandhaa
61%
Gukesh Dommaraju
59%
No matching quizzes found
Score Distribution
Percent of People with Each Score
Percentile by Number Answered
Your Score History
You have not taken this quiz